Part E time (Record no. 117706)
[ view plain ]
| 000 -LEADER | |
|---|---|
| fixed length control field | 01411cam a2200253 4500 |
| 001 - CONTROL NUMBER | |
| control field | ABS67997 |
| 008 - FIXED-LENGTH DATA ELEMENTS--GENERAL INFORMATION | |
| fixed length control field | 040715n2004 000 0 eng u |
| 035 ## - SYSTEM CONTROL NUMBER | |
| System control number | (Sirsi) u126790 |
| 100 ## - MAIN ENTRY--PERSONAL NAME | |
| Personal name | Williams, A. |
| 245 ## - TITLE STATEMENT | |
| Title | Part E time |
| 260 ## - PUBLICATION, DISTRIBUTION, ETC. | |
| Date of publication, distribution, etc. | 2004 |
| 490 ## - SERIES STATEMENT | |
| Series statement | Architects' Journal |
| Volume/sequential designation | 220(1) 1 July 2004, 42(1) |
| 520 ## - SUMMARY, ETC. | |
| Summary, etc. | Discusses the implications for acoustic performance of new housing of the Building Regulations Approved Document E. Looks at recent introduction of the Robust Standard Details, which means that all new attached dwellings started after 1 July 2004 will have to comply with the new changes. States that the recently launched Robust Details Ltd (RDL) will manage the approval system. Outlines the way in which RDL will monitor the system. Warns that information on the ODPM website is out-of-date and should not be used. Advises copies of the "Robust details handbook" are available from RDL at www.robustdetails.com. |
| 590 ## - LOCAL NOTE (RLIN) | |
| Local note | ABS |
| 590 ## - LOCAL NOTE (RLIN) | |
| Local note | ABS |
| 650 ## - SUBJECT ADDED ENTRY--TOPICAL TERM | |
| Topical term or geographic name entry element | ROBUST STANDARD DETAILS |
| 650 ## - SUBJECT ADDED ENTRY--TOPICAL TERM | |
| Topical term or geographic name entry element | BUILDING REGULATIONS 2000 APPROVED DOCUMENT E (2003 EDITION) |
| 650 ## - SUBJECT ADDED ENTRY--TOPICAL TERM | |
| Topical term or geographic name entry element | SOUND INSULATION |
| 650 ## - SUBJECT ADDED ENTRY--TOPICAL TERM | |
| Topical term or geographic name entry element | BUILDING CONTROL |
| 9 (RLIN) | 6222 |
| 690 ## - LOCAL SUBJECT ADDED ENTRY--TOPICAL TERM (OCLC, RLIN) | |
| Topical term or geographic name as entry element | BUILDING AND CONSTRUCTION-REGULATION AND CONTROL |
| 856 ## - ELECTRONIC LOCATION AND ACCESS | |
| Uniform Resource Identifier | <a href="https://www.robustdetails.com">https://www.robustdetails.com</a> |
| Public note | View the Robust Details website... |
| 856 ## - ELECTRONIC LOCATION AND ACCESS | |
| Uniform Resource Identifier | <a href="https://www.robustdetails.com">https://www.robustdetails.com</a> |
| Public note | View the Robust Details website... |
| 942 ## - ADDED ENTRY ELEMENTS (KOHA) | |
| Suppress in OPAC | 0 |
| Withdrawn status | Lost status | Source of classification or shelving scheme | Damaged status | Not for loan | Home library | Current library | Shelving location | Date acquired | Total Checkouts | Full call number | Barcode | Date last seen | Copy number | Price effective from | Koha item type |
|---|---|---|---|---|---|---|---|---|---|---|---|---|---|---|---|
| Dewey Decimal Classification | London | London | Journal article | 15/07/2004 | ABS67997 | 126790-1001 | 06/08/2019 | 1 | 06/08/2019 | Journal article |